000 005030000a22001810004500
003 MACL
005 20160124124709.0
008 160124b xxu||||| |||| 00| 0 eng d
040 _aMACL
_cMACL
041 _aEnglish
082 _a600.0954/CAR
100 _aPhull, D S
_934155
245 _aIIIT Entrance Exam Guide
_bIndian Institutes of Information Technology
260 _bBright Careers Institute
_c2002
_aNew Delhi
350 _a365
650 _aTechnology
_934459
942 _cBK
_k600.095/PHU
_2ddc
999 _c33199
_d33199